[Event "Sparkassen-Open B"]
[Site "Heusenstamm, Martinsee"]
[Date "2021.11.18"]
[Round "1.27"]
[White "Meuer, David"]
[Black "Neininger, Sarah"]
[Result "1/2-1/2"]
[WhiteElo "1649"]
[BlackElo "1380"]
[PlyCount "116"]
[EventDate "2021.??.??"]
[WhiteTeam "SV Lahnstein"]
[BlackTeam "VSG Offenbach"]

1. e4 c5 2. c3 Nf6 3. e5 Nd5 4. d4 cxd4 5. cxd4 e6 6. Nf3 d6 7. Bc4 Bd7 8. O-O
Bc6 9. Re1 Be7 10. Nc3 Nxc3 11. bxc3 O-O 12. Ba3 Qc7 13. exd6 Bxd6 14. Bxd6
Qxd6 15. Re3 Nd7 16. Bd3 Nf6 17. Ne5 h6 18. Bc2 Nd5 19. Qd3 f5 20. Rg3 Nf6 21.
Qd2 Kh7 22. Re1 Ne4 23. Bxe4 Bxe4 24. f3 f4 25. Rg4 Bd5 26. c4 Bc6 27. Qd3+ Kg8
28. Qg6 Qe7 29. Nxc6 bxc6 30. Rxe6 Qd7 31. Rd6 Qe7 32. Qe6+ Qxe6 33. Rxe6 Rad8
34. Re4 g5 35. h4 Rf5 36. hxg5 hxg5 37. g3 fxg3 38. Rxg3 Kf7 39. Rh3 Rf4 40.
Rh7+ Kf6 41. Rh6+ Kf7 42. Rxc6 Rxe4 43. fxe4 Rxd4 44. a4 Rxe4 45. Kf2 Re6 46.
Rc7+ Re7 47. Rc5 Kf6 48. Kf3 Re5 49. Rc6+ Re6 50. Rc5 Re5 51. Rb5 Rxb5 52. axb5
Ke5 53. c5 Kd5 54. c6 Kd6 55. Kg4 a6 56. bxa6 Kxc6 57. Kxg5 Kb6 58. a7 Kxa7
1/2-1/2

[Event "Sparkassen-Open B"]
[Site "Heusenstamm, Martinsee"]
[Date "2021.11.18"]
[Round "1.28"]
[White "Klein, Simon"]
[Black "Gude, Michael"]
[Result "1/2-1/2"]
[WhiteElo "1379"]
[BlackElo "1643"]
[PlyCount "127"]
[EventDate "2021.??.??"]
[WhiteTeam "SK Hungen"]
[BlackTeam "Frankfurter TV"]

1. d4 e6 2. Nf3 d5 3. Bf4 Bd6 4. Bg3 Bxg3 5. hxg3 Nf6 6. e3 c5 7. c3 c4 8. Nbd2
Nc6 9. b3 b5 10. bxc4 bxc4 11. Rb1 Qa5 12. Qc2 h6 13. Be2 Bd7 14. Ne5 Nxe5 15.
dxe5 Nh7 16. Rb7 Bc6 17. Rb4 Qc7 18. f4 a5 19. Rb2 Qa7 20. Kf2 O-O 21. Rhb1
Rab8 22. Nf3 Rxb2 23. Qxb2 Rc8 24. Nd4 Qc5 25. Bd1 Nf8 26. Ke2 Nd7 27. Qc1 Kf8
28. Rb2 Ke7 29. Qb1 g6 30. g4 Kf8 31. g3 Kg7 32. Bc2 Rh8 33. f5 Nxe5 34. fxe6
Re8 35. exf7 Kxf7 36. Qf1+ Kg7 37. Rb8 Qe7 38. Rb6 Nxg4 39. Qf4 Qxe3+ 40. Qxe3
Rxe3+ 41. Kd2 Bd7 42. Rd6 Re7 43. Rxg6+ Kf7 44. Rd6 Ne3 45. Rxh6 Nf1+ 46. Kc1
Nxg3 47. Rd6 Ne4 48. Rxd5 Nxc3 49. Rxa5 Ne2+ 50. Nxe2 Rxe2 51. Rc5 Be6 52. a4
Re3 53. a5 Ra3 54. Kb2 Rh3 55. Rc7+ Kf6 56. a6 c3+ 57. Ka3 Rh1 58. a7 Rc1 59.
Kb4 Ra1 60. Kxc3 Ke5 61. Kb4 Kd6 62. Rh7 Bd7 63. Rh6+ Kc7 64. a8=N+ 1/2-1/2

[Event "Sparkassen-Open B"]
[Site "Heusenstamm, Martinsee"]
[Date "2021.11.18"]
[Round "1.29"]
[White "Burow, Roger"]
[Black "Papadopoulos, Leon"]
[Result "1-0"]
[WhiteElo "1634"]
[BlackElo "1337"]
[PlyCount "81"]
[EventDate "2021.??.??"]
[WhiteTeam "SV Kelsterbach"]
[BlackTeam "SV Oberursel"]

1. e4 e5 2. Bc4 Bc5 3. d4 exd4 4. Bxf7+ Kxf7 5. Qh5+ Kf8 6. Qxc5+ Qe7 7. Qxd4
Nc6 8. Qd3 Nf6 9. Nc3 Nb4 10. Qe2 d6 11. h3 Bd7 12. Bg5 h6 13. Bxf6 Qxf6 14. a3
Nc6 15. Nf3 Re8 16. O-O-O Qf4+ 17. Kb1 Bf5 18. g3 Rxe4 19. gxf4 Rxe2 20. Nxe2
Be4 21. Ned4 Nxd4 22. Nxd4 Bxh1 23. Rxh1 Ke7 24. Re1+ Kd7 25. Rg1 Rh7 26. Rg6
Ke7 27. f5 Kf7 28. Ne6 c6 29. Nd8+ Ke7 30. Nxb7 Rh8 31. Nxd6 Rd8 32. Ne4 Rd5
33. Rxg7+ Kf8 34. f6 Rf5 35. Rxa7 Rf3 36. Ra6 Rxh3 37. Rxc6 Rh1+ 38. Ka2 h5 39.
Rc7 Kg8 40. f7+ Kf8 41. Ng5 1-0

[Event "Sparkassen-Open B"]
[Site "Heusenstamm, Martinsee"]
[Date "2021.11.18"]
[Round "1.30"]
[White "Tobias, Karolin"]
[Black "Schwab, Tizian"]
[Result "0-1"]
[WhiteElo "1321"]
[BlackElo "1634"]
[PlyCount "76"]
[EventDate "2021.??.??"]
[WhiteTeam "SV Oberursel"]
[BlackTeam "TV-Großostheim"]

1. e4 c6 2. d4 d5 3. Nc3 dxe4 4. Nxe4 Bf5 5. Nc3 Nf6 6. Nf3 e6 7. Bf4 Bb4 8.
Bc4 Nd5 9. Bxd5 cxd5 10. O-O O-O 11. Re1 Nd7 12. a3 Ba5 13. b4 Bc7 14. Bxc7
Qxc7 15. Qd2 a6 16. Rac1 b5 17. Ne2 Nb6 18. Ng3 Bg6 19. Ne5 Rfc8 20. Nxg6 hxg6
21. Qe2 Qc3 22. Qe3 Rc6 23. Nf1 Rac8 24. h3 Qxe3 25. Nxe3 Nc4 26. Nxc4 Rxc4 27.
Re2 Rxd4 28. Re3 Rd2 29. c3 Ra2 30. c4 Rxc4 31. Rd1 Rcc2 32. Rf3 Kf8 33. Kf1
Ke7 34. g3 f6 35. Kg2 Kd6 36. Rf1 e5 37. Kg1 Rc4 38. Re3 f5 0-1

[Event "Sparkassen-Open B"]
[Site "Heusenstamm, Martinsee"]
[Date "2021.11.18"]
[Round "1.31"]
[White "Bergner, Matthias"]
[Black "Barth, Horst"]
[Result "1-0"]
[WhiteElo "1632"]
[BlackElo "1320"]
[PlyCount "63"]
[EventDate "2021.??.??"]
[WhiteTeam "SV Neu-Isenburg"]
[BlackTeam "SF Mainz"]

1. d4 Nf6 2. Nf3 e6 3. e3 a6 4. g3 g6 5. Bg2 Bg7 6. O-O O-O 7. c4 c6 8. Nc3 d5
9. c5 Re8 10. Ne5 Nfd7 11. f4 f6 12. Nxd7 Nxd7 13. Qf3 f5 14. b4 Nf6 15. Bb2
Ne4 16. Nxe4 dxe4 17. Qe2 a5 18. a3 b6 19. Rfd1 Ba6 20. Qd2 Qd5 21. cxb6 a4 22.
Rdc1 Bb5 23. Rc5 Qd6 24. Rac1 Rac8 25. Bf1 Qd7 26. Bxb5 cxb5 27. Rc7 Rxc7 28.
Rxc7 Qd8 29. d5 Re7 30. Rxe7 Qxe7 31. d6 Bxb2 32. dxe7 1-0

[Event "Sparkassen-Open B"]
[Site "Heusenstamm, Martinsee"]
[Date "2021.11.18"]
[Round "1.32"]
[White "Jumah, Shayan"]
[Black "Althaus, Lennart"]
[Result "0-1"]
[WhiteElo "1264"]
[BlackElo "1620"]
[PlyCount "120"]
[EventDate "2021.??.??"]
[WhiteTeam "SG Trier"]
[BlackTeam "TV-Großostheim"]

1. d4 d5 2. Nf3 Nf6 3. Bf4 Bf5 4. e3 e6 5. Nh4 Be4 6. f3 Bg6 7. Nxg6 hxg6 8. g4
c5 9. c3 cxd4 10. cxd4 Nc6 11. Nc3 a6 12. Bg2 Qb6 13. Qd2 Bb4 14. O-O Rc8 15.
Rac1 O-O 16. a3 Be7 17. Na4 Qd8 18. Nc5 Bxc5 19. Rxc5 Nd7 20. Rc2 Nb6 21. Bg3
Nc4 22. Qd3 Qb6 23. b4 a5 24. Rb1 axb4 25. axb4 Ra8 26. b5 Na3 27. Bd6 Nxb1 28.
Bxf8 Kxf8 29. bxc6 bxc6 30. Rc1 Na3 31. Ra1 Qb2 32. Qd1 Rc8 33. Qc1 Qxc1+ 34.
Rxc1 Nc4 35. e4 Ra8 36. Bf1 Ne3 37. Bd3 Ra3 38. Be2 Ra2 39. Kf2 Nc4 40. Ke1 Na5
41. h4 Ra4 42. Rc5 Nb3 43. Rxc6 Nxd4 44. Ra6 Rxa6 45. Bxa6 Nxf3+ 46. Kf2 dxe4
47. h5 gxh5 48. gxh5 f5 49. Be2 Kf7 50. Bxf3 exf3 51. Kxf3 Kf6 52. Kf4 e5+ 53.
Kg3 Kg5 54. h6 gxh6 55. Kf3 e4+ 56. Ke3 Kg4 57. Kf2 f4 58. Kg2 e3 59. Kf1 Kg3
60. Ke2 Kg2 0-1

[Event "Sparkassen-Open B"]
[Site "Heusenstamm, Martinsee"]
[Date "2021.11.18"]
[Round "1.33"]
[White "Blank, Stephan"]
[Black "Matsoukas, Konstantinos"]
[Result "1-0"]
[WhiteElo "1631"]
[BlackElo "1148"]
[PlyCount "57"]
[EventDate "2021.??.??"]
[WhiteTeam "SC FK Babenhausen"]
[BlackTeam "Frankfurter TV"]

1. e4 e5 2. Bc4 Nf6 3. d3 d5 4. exd5 Nxd5 5. Qh5 Nc6 6. f4 Qd6 7. Nf3 g6 8.
fxe5 gxh5 9. exd6 Ndb4 10. Na3 Bxd6 11. c3 Na6 12. O-O Bd7 13. Ng5 Ne5 14. Nxf7
Nxf7 15. Bxf7+ Kd8 16. Bg5+ Be7 17. Bxe7+ Kxe7 18. Rae1+ Kd8 19. Bxh5 Rg8 20.
Nc4 Bh3 21. Rf2 Nc5 22. Re3 Be6 23. Bf7 Bxf7 24. Rxf7 Rh8 25. Ree7 c6 26. d4
Nd3 27. Rd7+ Kc8 28. Nd6+ Kb8 29. Rxb7# 1-0

[Event "Sparkassen-Open B"]
[Site "Heusenstamm, Martinsee"]
[Date "2021.11.18"]
[Round "1.34"]
[White "Müftahi, Tunay"]
[Black "Bangerter, Daria"]
[Result "0-1"]
[WhiteElo "1286"]
[BlackElo "1627"]
[PlyCount "88"]
[EventDate "2021.??.??"]
[WhiteTeam "SK Gründau"]
[BlackTeam "ASK Reti Zuerich"]

1. c4 f5 2. Nc3 Nf6 3. g3 e5 4. Bg2 Nc6 5. d3 Be7 6. Nf3 d6 7. e3 O-O 8. Ng5 h6
9. Nh3 Qe8 10. Bd5+ Nxd5 11. Nxd5 Bd8 12. b4 Qf7 13. Ng1 Be6 14. Qb3 Bxd5 15.
cxd5 Ne7 16. Bb2 Qxd5 17. Qxd5+ Nxd5 18. Ne2 Nxb4 19. Kd2 Nd5 20. f4 Re8 21.
Nc3 Nb6 22. Rhg1 e4 23. g4 exd3 24. Kxd3 fxg4 25. Rxg4 Bf6 26. Rb1 Re7 27. f5
Rae8 28. e4 c6 29. Ba3 Bxc3 30. Kxc3 Rxe4 31. Rxe4 Rxe4 32. Bxd6 Re2 33. Rg1
Nd5+ 34. Kb3 Kf7 35. Ka3 Ne3 36. Bc5 Nxf5 37. Bxa7 Rxh2 38. Bb8 Rh3+ 39. Ka4 g5
40. Kb4 Ne3 41. Kc5 Nd5 42. Rf1+ Kg6 43. Kd6 Re3 44. Ba7 Ra3 0-1

[Event "Sparkassen-Open B"]
[Site "Heusenstamm, Martinsee"]
[Date "2021.11.18"]
[Round "1.35"]
[White "Pu, Tim Yu"]
[Black "Merz, Leander"]
[Result "0-1"]
[WhiteElo "1620"]
[BlackElo "1268"]
[PlyCount "94"]
[EventDate "2021.??.??"]
[WhiteTeam "SV Großauheim"]
[BlackTeam "Schachforum Darmstadt"]

1. d4 e6 2. Nf3 Nf6 3. Bf4 Nc6 4. e3 g6 5. Nbd2 Bg7 6. Be2 O-O 7. O-O Re8 8. c4
d6 9. Qc2 b6 10. Bd3 e5 11. Bg5 exd4 12. exd4 Qd7 13. Rae1 Bb7 14. d5 Nb4 15.
Qb3 a5 16. a3 Na6 17. Qc2 Nc5 18. b3 c6 19. b4 axb4 20. axb4 Na6 21. dxc6 Bxc6
22. b5 Bxf3 23. Nxf3 Nc5 24. h3 d5 25. Be3 dxc4 26. Bxc4 Rec8 27. Bxc5 Rxc5 28.
Qb3 Ne8 29. Rd1 Qc7 30. Rc1 Rc8 31. Nd2 Nd6 32. Rc2 Nxc4 33. Rfc1 Nxd2 34. Rxc5
bxc5 35. Qd5 Qa5 36. Rxc5 Rxc5 37. Qxc5 Qa1+ 38. Kh2 Qe5+ 39. Qxe5 Bxe5+ 40. g3
Bd4 41. Kg2 Ne4 42. f3 Nc3 43. f4 f6 44. Kf3 Kf7 45. g4 Ke6 46. h4 f5 47. g5
Kd5 0-1

[Event "Sparkassen-Open B"]
[Site "Heusenstamm, Martinsee"]
[Date "2021.11.18"]
[Round "1.36"]
[White "Hott, Arthur"]
[Black "Schönfeld, Ulrich"]
[Result "0-1"]
[WhiteElo "1239"]
[BlackElo "1610"]
[PlyCount "62"]
[EventDate "2021.??.??"]
[WhiteTeam "SC Bad Soden"]
[BlackTeam "TSV Kirchehrenbach"]

1. d4 d5 2. Nc3 Nf6 3. Bg5 Ne4 4. Nxe4 dxe4 5. e3 Bf5 6. Bc4 Qd7 7. Ne2 e6 8.
Nf4 h6 9. Qh5 Rh7 10. g4 hxg5 11. Bxe6 Rxh5 12. Bxd7+ Nxd7 13. Nxh5 Bxg4 14.
Ng3 O-O-O 15. Rg1 Bf3 16. h3 c5 17. c3 cxd4 18. cxd4 Bb4+ 19. Kf1 Rh8 20. Ne2
f6 21. Rc1+ Kd8 22. Rc4 Bd6 23. d5 Bh2 24. Rg2 Rxh3 25. Nf4 gxf4 26. Rxg7 Rh8
27. d6 fxe3 28. Rc7 Nb6 29. a4 Bxd6 30. Rxb7 Rh1+ 31. Rg1 e2+ 0-1

[Event "Sparkassen-Open B"]
[Site "Heusenstamm, Martinsee"]
[Date "2021.11.18"]
[Round "1.37"]
[White "Vihan, Shourya"]
[Black "Junkers, Günter"]
[Result "1-0"]
[WhiteElo "1278"]
[BlackElo "1235"]
[PlyCount "47"]
[EventDate "2021.??.??"]
[WhiteTeam "SV Ffm-Griesheim"]
[BlackTeam "SG Rödermark"]

1. d4 d5 2. c4 dxc4 3. Nf3 Nf6 4. Nc3 h6 5. e4 Nc6 6. Bxc4 e6 7. O-O a6 8. a3
Bd6 9. e5 Nxe5 10. dxe5 Bxe5 11. Qxd8+ Kxd8 12. Nxe5 Rf8 13. Be3 Nd7 14. Rfd1
Ke7 15. Nxd7 Bxd7 16. Bc5+ Ke8 17. Bxf8 Kxf8 18. Rxd7 Ke8 19. Rad1 b5 20. Be2
Kf8 21. Rxc7 g6 22. Rdd7 Kg7 23. Rxf7+ Kg8 24. Ne4 1-0

[Event "Sparkassen-Open B"]
[Site "Heusenstamm, Martinsee"]
[Date "2021.11.18"]
[Round "1.38"]
[White "Büttner, Anton"]
[Black "Czinkota, Michael"]
[Result "0-1"]
[WhiteElo "1234"]
[BlackElo "1604"]
[Annotator "Schloessner,Henrik"]
[PlyCount "157"]
[EventDate "2021.??.??"]
[WhiteTeam "OSG Baden-Baden"]
[BlackTeam "SC Bad Soden"]

1. e4 e5 2. Nf3 Nc6 3. Bc4 Nf6 4. d3 Bc5 5. Nc3 d6 6. h3 Na5 7. Bb3 Nxb3 8.
axb3 O-O 9. Bg5 h6 10. Bh4 c6 11. O-O Qe7 12. Qe2 Qe6 13. Rad1 d5 14. exd5 cxd5
15. Qxe5 g5 16. Qxe6 Bxe6 17. Bg3 Nh5 18. Be5 f6 19. Bd4 Bb4 20. Rfe1 Rfe8 21.
Re2 a6 22. Ra1 Rac8 23. Nd1 Nf4 24. Re3 Rxc2 25. Bxf6 Bd2 26. Re5 Kf7 27. Bxg5
hxg5 28. Nxg5+ Kf6 29. Nf3 Rg8 30. g3 Nxh3+ 31. Kg2 Nf4+ 32. Kf1 Nxd3 33. Rxe6+
Kxe6 34. Nd4+ Ke5 35. Nxc2 Rc8 36. Ke2 Nb4 37. f4+ Kd6 38. Kxd2 Rxc2+ 39. Ke3
Ke6 40. g4 Rc8 41. Nc3 Nc2+ 42. Kf3 Nxa1 43. g5 d4 44. Ne4 Rf8 45. Kg4 d3 46.
Nc5+ Kf7 47. Nxd3 Nxb3 48. Ne5+ Kg7 49. f5 Nd4 50. f6+ Kg8 51. Ng6 Rf7 52. Ne5
Rf8 53. Ng6 Rd8 54. Kf4 Ne6+ 55. Ke5 Nxg5 56. b4 Kf7 57. Nf4 Nh7 58. Nh3 Nxf6
59. Ng5+ Kg6 60. Ne6 Rd1 61. Nf4+ Kf7 62. Kf5 Nd5 63. Ng2 Nxb4 64. Ne3 Rd3 65.
Nc4 a5 66. Ne5+ Ke7 67. Nxd3 Nxd3 68. Ke4 Nb4 69. Kd4 Kd6 70. Kc4 Kc6 71. Kb3
b5 72. Kc3 Kc5 73. Kb3 Nd5 74. Ka3 Kc4 75. Kb2 Kb4 76. Ka2 a4 77. Kb2 a3+ 78.
Ka2 Nc3+ 79. Ka1 {Weil der Springer über a5 schneller nach c4 gelangt, als
über a4-b2, wurde an dieser Stelle eben Sa5 gespielt. Beide Notationen und
die folgenden Züge lassen keinen Zweifel daran! 0-1 (96)} 0-1

[Event "Sparkassen-Open B"]
[Site "Heusenstamm, Martinsee"]
[Date "2021.11.18"]
[Round "1.39"]
[White "Wolff, Sidney Robert"]
[Black "Derr, Oleg"]
[Result "1-0"]
[WhiteElo "1604"]
[BlackElo "1198"]
[PlyCount "131"]
[EventDate "2021.??.??"]
[WhiteTeam "Heilbronner SV"]
[BlackTeam "VSG Offenbach"]

1. f4 c5 2. b3 Nf6 3. Bb2 d5 4. e3 b6 5. Nf3 Bb7 6. Ne5 Nbd7 7. Bb5 a6 8. Be2
e6 9. O-O Bd6 10. Bf3 O-O 11. d3 Qc7 12. Nxd7 Nxd7 13. Qe1 e5 14. Qg3 f6 15.
Qh3 Rae8 16. Bg4 Bc6 17. Be6+ Kh8 18. Bf5 g6 19. Bxg6 Re7 20. f5 d4 21. e4 Rg8
22. Nd2 Reg7 23. Nf3 Nf8 24. Nh4 Qe7 25. Bh5 Be8 26. Bf3 b5 27. Bc1 Qa7 28. Bh6
Rc7 29. Be2 c4 30. dxc4 d3+ 31. Be3 Bc5 32. cxd3 Bxe3+ 33. Kh1 Qd4 34. Rab1 Bf4
35. g3 Qe3 36. Qg2 Bg5 37. Nf3 Rcg7 38. Rbd1 Bh5 39. d4 Qc3 40. Rd3 Qa5 41.
dxe5 Bxf3 42. Rdxf3 fxe5 43. f6 Rf7 44. Rf5 b4 45. c5 Qxc5 46. Bc4 Qc7 47. Qe2
Rg6 48. Bxf7 Qxf7 49. Qxa6 Nd7 50. Qa8+ Rg8 51. Qc6 Rg6 52. Qb5 Rxf6 53. Qxb4
Rxf5 54. Rxf5 Qg6 55. a4 Qh5 56. Qe1 Qg4 57. a5 Nc5 58. Qf1 Qxe4+ 59. Qf3 Qxf3+
60. Rxf3 e4 61. Rf5 Be7 62. Re5 Nxb3 63. a6 Bc5 64. Rxc5 Nxc5 65. a7 e3 66.
a8=Q+ 1-0

[Event "Sparkassen-Open B"]
[Site "Heusenstamm, Martinsee"]
[Date "2021.11.18"]
[Round "1.40"]
[White "Gärtner, David"]
[Black "Leichum, Engelbert"]
[Result "0-1"]
[WhiteElo "1185"]
[BlackElo "1603"]
[PlyCount "82"]
[EventDate "2021.??.??"]
[WhiteTeam "SF Mainz"]
[BlackTeam "VL Frankfurt"]

1. d4 Nf6 2. Bf4 d5 3. e3 Nc6 4. Nf3 Bg4 5. Nbd2 e6 6. Bd3 Bd6 7. Bxd6 cxd6 8.
h3 Bh5 9. O-O e5 10. Be2 e4 11. Ne1 Bg6 12. c3 O-O 13. Qb3 b6 14. Bb5 Ne7 15.
Rc1 a6 16. Be2 b5 17. a4 bxa4 18. Qxa4 Bf5 19. Nc2 Qc8 20. Rfd1 Ng6 21. Kf1
Bxh3 22. gxh3 Qxh3+ 23. Ke1 Nh4 24. Nf1 Ng4 25. Bxg4 Qxg4 26. Qc6 Nf3+ 27. Ke2
Ne5+ 28. Kd2 Nxc6 29. Ng3 Na5 30. Rb1 Nb3+ 31. Ke1 f5 32. Ne2 g5 33. f4 Qh4+
34. Kf1 gxf4 35. Nxf4 Qh1+ 36. Kf2 Qf3+ 37. Ke1 Rf6 38. Nb4 Qxe3+ 39. Kf1 Rh6
40. Kg2 Qf3+ 41. Kg1 Rh1# 0-1

[Event "Sparkassen-Open B"]
[Site "Heusenstamm, Martinsee"]
[Date "2021.11.18"]
[Round "1.41"]
[White "Jahraus, Marlis"]
[Black "Meuer, Stephan"]
[Result "1/2-1/2"]
[WhiteElo "1590"]
[BlackElo "1182"]
[PlyCount "82"]
[EventDate "2021.??.??"]
[WhiteTeam "SF Zeutern"]
[BlackTeam "SV Lahnstein"]

1. e4 e5 2. f4 d6 3. Nf3 Nc6 4. Bc4 h6 5. Nc3 Nf6 6. fxe5 dxe5 7. O-O Bg4 8. d3
Qd7 9. Be3 a6 10. Qd2 Be6 11. Bxe6 Qxe6 12. a3 O-O-O 13. Kh1 Ng4 14. Bg1 g5 15.
h3 Nf6 16. Nh2 Be7 17. Rf5 Rhg8 18. Raf1 Rdf8 19. g4 Ne8 20. Nd5 Nd6 21. Nxe7+
Qxe7 22. Bc5 f6 23. Qf2 Rg6 24. Nf3 Qe6 25. Bxd6 Qxd6 26. Nd2 Nd4 27. Nc4 Qd8
28. Rxe5 Nc6 29. Rc5 Rgg8 30. Rd5 Qe8 31. Ne3 Ne7 32. Rc5 h5 33. Qg3 Qd8 34.
gxh5 Rh8 35. Qg4+ Kb8 36. Nf5 Nc6 37. Rd5 Qe8 38. Ng3 Ne7 39. Rd4 Nc6 40. Rc4
Ne5 41. Qf5 Nxc4 1/2-1/2

[Event "Sparkassen-Open B"]
[Site "Heusenstamm, Martinsee"]
[Date "2021.11.18"]
[Round "1.42"]
[White "Moissl, Julian"]
[Black "Kirchner, Stefan"]
[Result "0-1"]
[WhiteElo "1171"]
[BlackElo "1598"]
[PlyCount "20"]
[EventDate "2021.??.??"]
[WhiteTeam "SK Bad Homburg"]
[BlackTeam "SF Schöneck"]

1. d4 f5 2. c4 g6 3. Nf3 d6 4. Nc3 Nf6 5. Bg5 Bg7 6. Qd3 Nc6 7. Rd1 O-O 8. e4
h6 9. Bc1 Qe8 10. g3 Nb4 0-1

[Event "Sparkassen-Open B"]
[Site "Heusenstamm, Martinsee"]
[Date "2021.11.18"]
[Round "1.45"]
[White "Fischer, Juliane"]
[Black "Stosberg, David"]
[Result "0-1"]
[WhiteElo "1515"]
[BlackElo "1086"]
[PlyCount "110"]
[EventDate "2021.??.??"]
[WhiteTeam "SK Gernsheim"]
[BlackTeam "Sfr. Mörfelden"]

1. e4 c6 2. d4 d5 3. exd5 cxd5 4. Bd3 Nc6 5. c3 Nf6 6. Ne2 Bg4 7. f3 Bh5 8. Bf4
e6 9. O-O Bd6 10. Nd2 Bg6 11. Bc2 Rc8 12. Bxd6 Qxd6 13. Re1 Qc7 14. Nf1 Qb6 15.
Qd2 Qxb2 16. Bxg6 Qxd2 17. Bxf7+ Kxf7 18. Nxd2 e5 19. Rab1 b6 20. Nb3 e4 21.
fxe4 Nxe4 22. Rf1+ Nf6 23. Nf4 Rhd8 24. Rbe1 Rd6 25. Re3 Ne7 26. Rfe1 Ne4 27.
Nxd5 Nxd5 28. Rxe4 Rxc3 29. Rf1+ Nf6 30. Re2 Re6 31. Rfe1 Rcc6 32. Kf2 Rxe2+
33. Rxe2 Re6 34. Rc2 Nd5 35. Nd2 Re7 36. Nf3 Rc7 37. Rxc7+ Nxc7 38. Ke3 h6 39.
Ke4 Ke6 40. Ne5 a6 41. Nc4 Nd5 42. a3 b5 43. Nd2 a5 44. Nb3 b4 45. axb4 axb4
46. Nc5+ Kd6 47. g3 Nc3+ 48. Kd3 Kd5 49. Na6 Na2 50. g4 b3 51. Nc7+ Kc6 52. Ne6
g6 53. Nc5 Nc1+ 54. Kc3 Kd5 55. Nd3 Nxd3 0-1

[Event "Sparkassen-Open B"]
[Site "Heusenstamm, Martinsee"]
[Date "2021.11.18"]
[Round "1.46"]
[White "Grebe, Sabrina"]
[Black "Ulrich, Helena Irene"]
[Result "0-1"]
[WhiteElo "1049"]
[BlackElo "1537"]
[PlyCount "58"]
[EventDate "2021.??.??"]
[WhiteTeam "SC Heusenstamm"]
[BlackTeam "SV Medizin Erfurt"]

1. e4 c5 2. Nf3 Nc6 3. Nc3 d6 4. Bc4 g6 5. d4 cxd4 6. Nxd4 Bg7 7. Be3 Nf6 8. h3
Bd7 9. O-O O-O 10. a3 Nxd4 11. Bxd4 Bc6 12. Qf3 Qc7 13. b3 a6 14. Bd5 e5 15.
Be3 Bxd5 16. Nxd5 Nxd5 17. exd5 e4 18. Qxe4 Bxa1 19. Rxa1 Rfe8 20. Qd4 Rac8 21.
Bh6 Qc3 22. Qxc3 Rxc3 23. Rc1 Re2 24. Kh2 Rcxc2 25. Rf1 Rxf2 26. Re1 Rxg2+ 27.
Kh1 Rce2 28. Rf1 Rh2+ 29. Kg1 Reg2# 0-1

[Event "Sparkassen-Open B"]
[Site "Heusenstamm, Martinsee"]
[Date "2021.11.18"]
[Round "1.47"]
[White "Boscher, Hans"]
[Black "Niesel, Markus"]
[Result "1-0"]
[WhiteElo "1578"]
[BlackElo "891"]
[PlyCount "41"]
[EventDate "2021.??.??"]
[WhiteTeam "SC Bad Soden"]
[BlackTeam "SV Ffm-Griesheim"]

1. e4 Nc6 2. Nf3 e6 3. d4 d6 4. Bb5 Bd7 5. O-O Nf6 6. Re1 a6 7. Ba4 b5 8. Bb3
Be7 9. Nbd2 O-O 10. c3 a5 11. Qe2 a4 12. Bc2 Qb8 13. e5 Nd5 14. Qd3 g6 15. Ne4
Na5 16. Bg5 b4 17. Bxe7 Bb5 18. Qd2 Nxe7 19. Nf6+ Kh8 20. Qh6 Ng8 21. Qxh7# 1-0

[Event "Sparkassen-Open B"]
[Site "Heusenstamm, Martinsee"]
[Date "2021.11.18"]
[Round "1.48"]
[White "Deboer, Martin"]
[Black "Friedel, Thomas"]
[Result "0-1"]
[WhiteElo "763"]
[BlackElo "1576"]
[PlyCount "60"]
[EventDate "2021.??.??"]
[WhiteTeam "SK Bickenbach"]
[BlackTeam "SV Groß-Gerau"]

1. e4 e5 2. Nf3 d6 3. h3 Nf6 4. Nc3 Be7 5. d3 O-O 6. g3 c6 7. Bg2 Nbd7 8. Be3
Qc7 9. Bg5 h6 10. Bxf6 Nxf6 11. d4 exd4 12. Nxd4 Re8 13. Nf5 Bf8 14. O-O d5 15.
Re1 dxe4 16. Nd4 Bb4 17. Bxe4 Bxc3 18. bxc3 Nxe4 19. Qd3 Nf6 20. Rxe8+ Nxe8 21.
Kh2 Qd7 22. g4 c5 23. Nb5 Qxd3 24. cxd3 Bd7 25. Na3 Nf6 26. f3 Re8 27. Kg3 Re3
28. Rd1 Bc6 29. Nc4 Rxf3+ 30. Kh4 g5# 0-1

[Event "Sparkassen-Open B"]
[Site "Heusenstamm, Martinsee"]
[Date "2021.11.19"]
[Round "2.1"]
[White "Bangerter, Daria"]
[Black "Schellenberger, Dirk"]
[Result "1-0"]
[WhiteElo "1627"]
[BlackElo "1660"]
[PlyCount "181"]
[EventDate "2021.??.??"]
[WhiteTeam "ASK Reti Zuerich"]
[BlackTeam "SC Aschaffenburg"]

1. e4 c5 2. Nf3 e6 3. d4 cxd4 4. Nxd4 Nc6 5. c4 Nf6 6. Nc3 Bb4 7. Nxc6 bxc6 8.
Bd3 Qc7 9. Bd2 O-O 10. O-O Rb8 11. h3 e5 12. a3 Be7 13. b4 d6 14. Rc1 Bb7 15.
Re1 Rbd8 16. Re3 Kh8 17. Rg3 Rg8 18. Be3 Ra8 19. Rf3 Bc8 20. Ne2 Be6 21. Ng3 g6
22. Qd2 Qd8 23. Rb1 d5 24. cxd5 cxd5 25. Qc2 d4 26. Bd2 Qd7 27. Qb2 Nh5 28. a4
Nxg3 29. Rxg3 Qxa4 30. Ra1 Qd7 31. b5 Rgb8 32. Be2 f6 33. Bh6 Qe8 34. h4 Bc5
35. Rc1 Qe7 36. Qc2 Bb6 37. Qd2 Rg8 38. Rc6 Bd7 39. Rc1 Rac8 40. Ra1 Rc7 41.
Qa2 Be6 42. Qb2 Qd7 43. Bd2 Qc8 44. Bd3 Qd7 45. Rf3 Qd8 46. Rc1 Kg7 47. Rc6 Qd7
48. Qc1 Rxc6 49. bxc6 Qe7 50. Bh6+ Kh8 51. Bb5 Bd8 52. Bd2 Bg4 53. Ra3 Bb6 54.
Ba6 Bc8 55. Bc4 Rf8 56. Bd5 Qd6 57. Rb3 Bc5 58. Rb5 Ba3 59. Qc4 Ba6 60. Bb4
Bxb4 61. Qxb4 Qxb4 62. Rxb4 d3 63. Rb2 f5 64. Ra2 Rb8 65. Rxa6 Rb1+ 66. Kh2 d2
67. c7 Rc1 68. Bb3 Rxc7 69. Rd6 Rb7 70. Bc2 fxe4 71. Rxd2 Kg7 72. Bxe4 Rc7 73.
Ra2 Kf7 74. Ra6 Ke7 75. Kg3 Kf7 76. f3 Re7 77. Bd5+ Kg7 78. Kg4 Rd7 79. Be4 Re7
80. Kh3 Kf7 81. g4 Rd7 82. g5 Kg7 83. Re6 a5 84. Ra6 Rd1 85. Rxa5 Rh1+ 86. Kg3
Rg1+ 87. Kh3 Rd1 88. Rxe5 Rd2 89. Kg3 Rd7 90. Rb5 Rd1 91. Rb7+ 1-0

[Event "Sparkassen-Open B"]
[Site "Heusenstamm, Martinsee"]
[Date "2021.11.19"]
[Round "2.2"]
[White "Merges, Harald"]
[Black "Schönfeld, Ulrich"]
[Result "1-0"]
[WhiteElo "1781"]
[BlackElo "1610"]
[PlyCount "77"]
[EventDate "2021.??.??"]
[WhiteTeam "SG Reil-Kinheim"]
[BlackTeam "TSV Kirchehrenbach"]

1. e4 c5 2. c3 d5 3. exd5 Nf6 4. Nf3 Nxd5 5. d4 cxd4 6. Nxd4 e6 7. Nd2 Be7 8.
N2f3 O-O 9. Be2 a6 10. O-O Qc7 11. c4 Nf4 12. Bxf4 Qxf4 13. Qc2 Nd7 14. Rfe1
Nf6 15. Bf1 Re8 16. a3 Bd6 17. Rad1 Bc7 18. g3 Qh6 19. Qd2 Qxd2 20. Rxd2 e5 21.
Rde2 Bg4 22. h3 Bxf3 23. Nxf3 Nd7 24. Rd2 Rad8 25. Red1 Re7 26. Bg2 Kf8 27. Ng5
h6 28. Ne4 Ke8 29. Nc3 Nc5 30. Nd5 Ne6 31. Nxe7 Rxd2 32. Rxd2 Kxe7 33. Bxb7 Nc5
34. Bc6 Bd6 35. b4 Nb3 36. Rd5 Nd4 37. Bb7 Ne2+ 38. Kf1 Nc3 39. Ra5 1-0

[Event "Sparkassen-Open B"]
[Site "Heusenstamm, Martinsee"]
[Date "2021.11.19"]
[Round "2.3"]
[White "Ngo, Quang Thai"]
[Black "Vihan, Shourya"]
[Result "1-0"]
[WhiteElo "1779"]
[BlackElo "1278"]
[PlyCount "53"]
[EventDate "2021.??.??"]
[WhiteTeam "SV Griesheim"]
[BlackTeam "SV Ffm-Griesheim"]

1. e4 c6 2. d4 d5 3. exd5 cxd5 4. Bd3 Nc6 5. c3 Nf6 6. h3 e6 7. Bf4 Bd6 8. Bxd6
Qxd6 9. Nf3 O-O 10. O-O b6 11. Re1 Bb7 12. Nbd2 Rac8 13. Re3 Rfe8 14. Ne5 Ne7
15. Ndf3 Ng6 16. Ng5 Rc7 17. Qf3 Qf8 18. Qg3 Qd6 19. Rae1 Nf8 20. Rf3 Ng6 21.
Nxh7 Nxh7 22. Rxf7 Rxf7 23. Qxg6 Ng5 24. Qxg5 Rf6 25. Qh5 g6 26. Bxg6 Re7 27.
Qg5 1-0

[Event "Sparkassen-Open B"]
[Site "Heusenstamm, Martinsee"]
[Date "2021.11.19"]
[Round "2.4"]
[White "Czinkota, Michael"]
[Black "Keymer, Cecilia"]
[Result "0-1"]
[WhiteElo "1604"]
[BlackElo "1634"]
[PlyCount "52"]
[EventDate "2021.??.??"]
[WhiteTeam "SC Bad Soden"]
[BlackTeam "SK Gau-Algesheim"]

1. e4 e5 2. Nf3 Nc6 3. Bc4 Bc5 4. c3 Nf6 5. d3 d6 6. Nbd2 a6 7. Bb3 Ba7 8. Nf1
h6 9. Ng3 O-O 10. O-O d5 11. exd5 Nxd5 12. Re1 Be6 13. Nxe5 Nxe5 14. Rxe5 Bxf2+
15. Kh1 Bxg3 16. hxg3 c6 17. Bd2 Qd6 18. d4 Rfe8 19. Qf3 Rad8 20. Rae1 Qf8 21.
Qe2 Nc7 22. Bxe6 Rxe6 23. Bf4 Rde8 24. c4 Rxe5 25. dxe5 Ne6 26. Qe3 g5 0-1